|
|
|
|
| LEADER |
01397cam a2200325Ma 4500 |
| 001 |
ocm45843458 |
| 003 |
OCoLC |
| 005 |
20231011123121.0 |
| 006 |
m o d |
| 007 |
cr cn||||||||| |
| 008 |
010102s1991 cau ob s001 0 eng d |
| 999 |
|
|
|c 138120
|d 138120
|
| 020 |
|
|
|a 0585327149
|q (electronic bk.)
|
| 020 |
|
|
|a 9780585327143
|q (electronic bk.)
|
| 020 |
|
|
|a 9780520069237
|
| 020 |
|
|
|a 0520069234
|
| 020 |
|
|
|z 0520069234
|
| 040 |
|
|
|a N$T
|b eng
|e pn
|c N$T
|d OCL
|d OCLCQ
|d YDXCP
|d OCLCQ
|d TUU
|d OCLCQ
|d TNF
|d UMC
|d OCLCQ
|d OCLCF
|d OCLCQ
|d N$T
|d OCLCO
|d CUSER
|d NLGGC
|d OCLCQ
|d OCL
|d OCLCO
|d KUK
|d OXF
|d OCLCQ
|d MWM
|d OCLCQ
|d LUE
|
| 082 |
0 |
4 |
|a 938/.504
|2 20
|
| 100 |
1 |
|
|a Fornara, Charles W.
|9 164054
|e συγγραφέας.
|
| 245 |
1 |
0 |
|a Athens from Cleisthenes to Pericles /
|c Charles W. Fornara and Loren J. Samons II.
|
| 260 |
|
|
|a Berkeley, Calif. :
|b University of California Press,
|c c1991.
|
| 300 |
|
|
|a 1 ηλεκτρονική πηγή (xvii, 199 σ.)
|
| 504 |
|
|
|a Includes bibliographical references and indexes.
|
| 600 |
0 |
0 |
|a Περικλής
|d γ. π. 495-429
|9 43163
|
| 651 |
|
4 |
|a Αθήνα, Αρχαία
|x Πολιτική και διακυβέρνηση
|9 35859
|
| 655 |
|
0 |
|a Ηλεκτρονικά βιβλία
|
| 700 |
1 |
|
|a Samons, Loren J.,
|c II
|e συγγραφέας.
|9 82075
|
| 856 |
4 |
0 |
|u http://search.ebscohost.com/login.aspx?direct=true&scope=site&db=nlebk&AN=44183
|
| 942 |
|
|
|2 ddc
|c ERS
|